[Event "Summer Cup"]
[Site "Wellington Chess Club"]
[Date "2019.03.21"]
[Round "6.8"]
[White "Wilkins, Mark"]
[Black "Sole, Michael"]
[Result "1-0"]
[WhiteElo "1933"]
[BlackElo "1897"]

1. d4 e6 2. Nc3 Bb4 3. Nf3 Nf6 4. Bd2 d5 5. a3 Be7 6. e3 c5 7. Bd3 Nc6 8. O-O
c4 9. Be2 a6 10. b3 b5 11. bxc4 bxc4 12. Ne5 Nxe5 13. dxe5 Nd7 14. f4 Bb7 15.
Bf3 Rb8 16. Ne2 Bc5 17. Nd4 Nb6 18. Ba5 Qd7 19. Qd2 O-O 20. Rfb1 Na8 21. Bb4
Qe7 22. Bxc5 Qxc5 23. Qb4 Qa7 24. Qa5 Bc8 25. Rb4 Bd7 26. Rab1 Nc7 27. Kf2 g6
28. a4 Rfc8 29. c3 Kg7 30. Bd1 Kg8 31. Rxb8 Rxb8 32. Rxb8+ Qxb8 33. Qb4 Qxb4
34. cxb4 Kg7 35. Ke2 h6 36. Kd2 Kf8 37. Kc3 Ke7 38. Ne2 Bc6 39. Kd4 Kd7 40. g3
Na8 41. Nc3 Kc7 42. Kc5 Nb6 43. Bc2 Nd7+ 44. Kd4 Nb6 45. g4 Kd8 46. h4 Kc7 47.
b5 axb5 48. axb5 Be8 49. e4 Bd7 50. g5 hxg5 51. hxg5 dxe4 52. Bxe4 Nc8 53. Kxc4
Kb6 54. Bd3 Ka5 55. Kc5 Be8 56. Ne4 Nb6 57. Nf6 Nd7+ 58. Nxd7 Bxd7 59. b6 Bc8
60. Kc6 Kb4 61. Kc7 Kc5 62. Be2 Bd7 63. b7 Kd4 64. b8=Q Ke4 65. Qb4+ Kf5 66.
Bf3 1-0

[Event "Summer Cup"]
[Site "Wellington Chess Club"]
[Date "2019.03.21"]
[Round "6.9"]
[White "He, Paul"]
[Black "Mullan, Brett"]
[Result "1-0"]
[WhiteElo "1687"]
[BlackElo "1923"]

1. c4 e5 2. Nc3 Nf6 3. Nf3 Nc6 4. g3 d6 5. d4 exd4 6. Nxd4 Bd7 7. Bg2 Rb8 8.
O-O Ne5 9. b3 c6 10. Nf3 Ng6 11. Ba3 Qc7 12. Qd4 c5 13. Qd3 Bc6 14. e4 Be7 15.
Nd5 Bxd5 16. exd5 O-O 17. Rfe1 Rfe8 18. Re2 Nd7 19. Rae1 Nde5 20. Qf5 Bf6 21.
Ng5 h6 22. Ne4 Be7 23. f4 Nd7 24. Nc3 a6 25. h4 Nf6 26. h5 Nf8 27. Ne4 Nxe4 28.
Rxe4 Rbd8 29. Bb2 Qd7 30. Bh3 Qxf5 31. Bxf5 g6 32. Bh3 Ne6 33. dxe6 f5 34. R4e2
Kh7 35. hxg6+ Kxg6 36. Rd2 Rb8 37. Rd5 Rf8 38. Kg2 b5 39. cxb5 Rxb5 40. Kf3 a5
41. Bf1 Rb6 42. Bc4 a4 43. g4 Rb4 44. gxf5+ Kh7 45. Rg1 Rg8 46. Rxg8 Kxg8 47.
f6 Kf8 48. fxe7+ Kxe7 49. Rh5 axb3 50. axb3 1-0

[Event "Summer Cup"]
[Site "Wellington Chess Club"]
[Date "2019.03.21"]
[Round "6.10"]
[White "Lyall, Gordon"]
[Black "Chen, Wei Kai"]
[Result "0-1"]
[WhiteElo "1912"]
[BlackElo "1964"]

1. e4 e5 2. Nf3 Nc6 3. d4 exd4 4. Bc4 Bb4+ 5. c3 dxc3 6. bxc3 Ba5 7. O-O Nge7
8. Ng5 Ne5 9. Nxf7 Nxf7 10. Bxf7+ Kxf7 11. Qh5+ Ng6 12. Qxa5 c6 13. Qh5 Rf8 14.
Ba3 Re8 15. Bd6 Qh4 16. Qxh4 Nxh4 17. Nd2 b6 18. f4 Ba6 19. Rf2 Ng6 20. e5 Ne7
21. g4 Nd5 22. Rf3 Be2 23. Rg3 Nxf4 24. e6+ Nxe6 0-1

[Event "Summer Cup"]
[Site "Wellington Chess Club"]
[Date "2019.03.21"]
[Round "6.11"]
[White "Dixon, Hamish"]
[Black "Stoeveken, Peter"]
[Result "0-1"]
[WhiteElo "1701"]
[BlackElo "1853"]

1. e4 c5 2. Nf3 Nc6 3. d4 cxd4 4. Nxd4 e5 5. Nxc6 bxc6 6. c4 Nf6 7. Qf3 d6 8.
h3 Be7 9. Nc3 O-O 10. Be2 Be6 11. O-O Qd7 12. Rd1 Ne8 13. Be3 f5 14. Bd3 f4 15.
Bd2 Rf6 16. Bf1 Rg6 17. Kh2 Rf6 18. Qd3 g5 19. Be2 Rh6 20. g4 Bxg4 21. Bxg4
Qxg4 22. Rg1 Qh5 23. Qf1 g4 24. Qg2 Qxh3+ 25. Qxh3 Rxh3+ 26. Kg2 Nf6 0-1

[Event "Summer Cup"]
[Site "Wellington Chess Club"]
[Date "2019.03.21"]
[Round "6.12"]
[White "Stannard, Bobby"]
[Black "He, Caleb"]
[Result "1/2-1/2"]
[WhiteElo "1357"]
[BlackElo "1845"]

1. e4 c5 2. Nf3 d6 3. Bb5+ Bd7 4. Nc3 Bxb5 5. Nxb5 Nc6 6. O-O Nf6 7. d3 e6 8.
Bg5 Be7 9. Re1 Qb6 10. c4 a6 11. Qa4 O-O 12. Bxf6 axb5 13. Qb3 Na5 14. Qxb5
Qxb5 15. cxb5 Bxf6 16. Rab1 c4 17. dxc4 Nxc4 18. b3 Ne5 19. Nxe5 Bxe5 20. a4
Rfc8 21. Red1 Rc3 22. g3 Kf8 23. f4 Bf6 24. Rxd6 Ke7 25. e5 g5 26. Rb6 Bxe5 27.
fxe5 Ra7 28. Rd6 Re3 29. Kf2 Rxe5 30. Rbd1 Kf6 31. R1d3 Ra8 32. Rd7 Rb8 33.
Rf3+ Rf5 34. Rxf5+ exf5 35. Kf3 b6 36. Rd6+ Ke5 37. Rh6 Rc8 38. Rxb6 Rc3+ 39.
Kf2 Rxb3 40. a5 Ke4 41. a6 Rb2+ 42. Kf1 Ra2 43. Rb7 Kf3 44. Ke1 Ra5 45. a7 Kg2
46. b6 f4 47. gxf4 gxf4 48. Rxf7 f3 49. Rf8 Ra1+ 50. Kd2 {Draw agreed !?}
1/2-1/2

[Event "Summer Cup"]
[Site "Wellington Chess Club"]
[Date "2019.03.21"]
[Round "6.13"]
[White "Brockway, Andrew"]
[Black "Wevers, Alexis"]
[Result "1-0"]
[WhiteElo "1842"]
[BlackElo "1779"]

1. e4 c5 2. Nc3 Nc6 3. Bb5 Nd4 4. Bc4 d6 5. Nge2 Nc6 6. Bb5 a6 7. Bxc6+ bxc6 8.
d3 g6 9. O-O Bg7 10. f4 f5 11. exf5 Bxf5 12. Ng3 Nh6 13. Nxf5 Nxf5 14. g4 Bd4+
15. Kh1 Nh4 16. Qe1 e5 17. Ne2 e4 18. Nxd4 cxd4 19. Qxe4+ Kd7 20. Qxd4 Qe7 21.
Bd2 Rhe8 22. Rae1 Qf7 23. Rxe8 Qxe8 24. Re1 Qf7 25. Qe3 h5 26. Qg3 Qd5+ 27. Re4
Re8 28. Qxh4 Rxe4 29. dxe4 Qxd2 30. gxh5 Qd1+ 31. Kg2 Qxc2+ 32. Kh3 Qd3+ 33.
Qg3 Qf1+ 34. Kh4 gxh5 35. Qh3+ Qxh3+ 36. Kxh3 d5 37. exd5 cxd5 38. Kg3 Ke6 39.
Kf3 Kf5 40. b4 d4 41. a4 d3 42. b5 axb5 43. axb5 { Black Resigned. } 1-0

[Event "Summer Cup"]
[Site "Wellington Chess Club"]
[Date "2019.03.21"]
[Round "6.14"]
[White "Ashe, Michael"]
[Black "Carroll, Lewis"]
[Result "1-0"]
[WhiteElo "1592"]
[BlackElo "1178"]

1. d4 Nf6 2. c4 g6 3. Nc3 Bg7 4. e4 d6 5. h3 Nbd7 6. Bg5 O-O 7. Nf3 c5 8. d5 h6
9. Be3 Nh7 10. Qd2 g5 11. Bd3 Ne5 12. Nxe5 Bxe5 13. f4 Bf6 14. fxg5 Bxg5 15.
O-O-O e6 16. h4 Bxh4 17. Bxh6 Bg5 18. Bxg5 Qxg5 19. e5 Qxd2+ 20. Rxd2 f5 21. g4
Ng5 22. gxf5 1-0

[Event "Summer Cup"]
[Site "Wellington Chess Club"]
[Date "2019.03.21"]
[Round "6.15"]
[White "Osborne, Geoff"]
[Black "Theodosiou, Andreas"]
[Result "0-1"]
[WhiteElo "1550"]
[BlackElo "1356"]

1. e4 c5 2. c3 Nc6 3. Nf3 e5 4. Bb5 d6 5. O-O Nf6 6. Re1 Bd7 7. d4 a6 8. Ba4
Be7 9. dxc5 dxc5 10. Nbd2 b5 11. Bc2 O-O 12. Nf1 Qc7 13. Ne3 Rad8 14. Qe2 Nb8
15. Nf5 Bc6 16. Nxe7+ Qxe7 17. Bg5 Rd6 18. Nh4 Qd8 19. Rad1 Rxd1 20. Rxd1 Nbd7
21. Rd3 Qa5 22. Nf5 Bxe4 23. Ne7+ Kh8 24. Rg3 Bxc2 25. Qxc2 Qxa2 26. h3 Qe6 27.
Bxf6 Nxf6 28. Nf5 g6 29. Ne3 Nh5 30. Rg4 f5 31. Rh4 Qf6 32. Rxh5 gxh5 33. Kh2
e4 34. g3 Qe5 35. f4 exf3 36. Qf2 Qe4 37. b3 f4 38. gxf4 Rg8 39. Nf1 0-1

[Event "Summer Cup"]
[Site "Wellington Chess Club"]
[Date "2019.03.21"]
[Round "6.16"]
[White "Bennett, Ezra"]
[Black "Enegbuma, Wallace"]
[Result "0-1"]
[WhiteElo "1404"]
[BlackElo "1000"]

1. Nf3 d5 2. g3 Nf6 3. d4 Bg4 4. Bg2 e6 5. O-O c5 6. c3 Nc6 7. Bg5 Be7 8. a3
cxd4 9. cxd4 h6 10. Bxf6 Bxf6 11. Nbd2 O-O 12. Re1 Rc8 13. Nb3 Qb6 14. e3 Rc7
15. Nc5 Rfc8 16. e4 Nxd4 17. e5 Nxf3+ 18. Bxf3 Bxf3 19. Qxf3 Be7 20. Nd3 Rc2
21. Re2 Rxe2 22. Qxe2 Rc4 23. a4 Qd4 24. Qd1 Qe4 25. f3 Qe3+ 26. Kg2 Rd4 27.
Qc1 Qxd3 28. Qc8+ Kh7 29. Qxb7 Qe2+ 30. Kg1 Bc5 0-1

[Event "Summer Cup"]
[Site "Wellington Chess Club"]
[Date "2019.03.21"]
[Round "6.17"]
[White "Asher, Bruce"]
[Black "Stracy, Don"]
[Result "0-1"]
[WhiteElo "1216"]
[BlackElo "1632"]

1. e4 c5 2. Nf3 e6 3. Nc3 Nc6 4. Bb5 d6 5. O-O Bd7 6. d3 Nf6 7. Bg5 Be7 8. Re1
O-O 9. Bc4 a6 10. a3 b5 11. Bb3 Rc8 12. Ne2 Na5 13. Ba2 Bc6 14. b4 Nb7 15. Qd2
d5 16. e5 Nd7 17. Bxe7 Qxe7 18. c3 Nb6 19. Bb1 Rfd8 20. d4 cxd4 21. Nexd4 g6
22. Nxc6 Rxc6 23. Nd4 Rcc8 24. Bd3 Qf8 25. Rac1 Nc4 26. Bxc4 dxc4 27. Qf4 Rd5
28. Nf3 Qg7 29. h4 Rc7 30. g3 Nd8 31. Re4 Nc6 32. Rce1 Rcd7 33. Kg2 Rd3 34. Rc1
Rd8 35. Qf6 Qxf6 36. exf6 R8d5 37. g4 h6 38. g5 Rf5 39. Ne1 Rd2 40. Nf3 Rd3 41.
Ne1 Rdd5 42. Nf3 hxg5 43. hxg5 Ne5 44. Re3 {Can't work out the rest, black won}
0-1

[Event "Summer Cup"]
[Site "Wellington Chess Club"]
[Date "2019.03.21"]
[Round "6.18"]
[White "Ackroyd, William"]
[Black "Darr, Samuel"]
[Result "0-1"]
[WhiteElo "1100"]
[BlackElo "1549"]

1. d4 Nf6 2. c4 g6 3. f3 d5 4. Nc3 Bg7 5. e4 dxe4 6. fxe4 Bg4 7. Be2 Bxe2 8.
Ngxe2 Nc6 9. e5 Nd7 10. Be3 Nb6 11. b3 f6 12. exf6 Bxf6 13. Qd2 O-O 14. O-O-O
e5 15. d5 Ne7 16. Bh6 Nf5 17. Ne4 Nxh6 18. Nxf6+ Qxf6 19. Qxh6 Qf2 20. Rd2 Qxg2
21. Rg1 Rf1+ 22. Rxf1 Qxf1+ 23. Kc2 Qf5+ 24. Kc1 Qh5 25. Qxh5 gxh5 26. Ng3 h4
27. Nf5 h3 28. Re2 Kf7 29. Re3 Rf8 30. Nh4 Kg7 31. Rxe5 Rf4 32. Rh5 Kf6 33. c5
Nxd5 34. Rxd5 Rxh4 35. Rd7 Rg4 36. Rxc7 Rg1+ 37. Kb2 Rg2+ 38. Ka3 Rxh2 39. Rxh7
Kg6 40. Rh4 Kg5 41. Rh7 Kg4 42. Rxb7 Rc2 43. Rg7+ Kf5 44. Rg1 Rxc5 45. Kb4 Rc2
46. Rg3 h2 47. Rh3 Rxa2 48. Kc3 Kg4 49. Rh8 Kg3 50. Rg8+ Kf2 51. Rf8+ Kg1 52.
Rg8+ Rg2 53. Rd8 h1=Q 54. Rd1+ Kh2 55. Rxh1+ Kxh1 56. Kb4 Ra2 57. Kb5 Kg2 58.
b4 0-1

[Event "Summer Cup"]
[Site "Wellington Chess Club"]
[Date "2019.03.21"]
[Round "6.19"]
[White "Anderson, Nicholai"]
[Black "Stannard, Lars"]
[Result "1/2-1/2"]
[WhiteElo "1100"]
[BlackElo "1357"]

1. e4 e5 2. Nf3 Nc6 3. Bb5 d6 4. O-O Bd7 5. Re1 Nf6 6. Nc3 Be7 7. d4 exd4 8.
Nxd4 O-O 9. Nd5 a6 10. Ba4 Nxd4 11. Bxd7 Nxd7 12. Qxd4 c5 13. Qd3 Ne5 14. Qc3
Bg5 15. Bxg5 Qxg5 16. a3 Ng6 17. Rad1 Rad8 18. b4 cxb4 19. Qxb4 Rd7 20. Nb6
Rfd8 21. Nxd7 Rxd7 22. Rxd6 Rxd6 23. Qxd6 h6 24. Rb1 Kh7 25. h3 Nf4 26. g3 Ne2+
27. Kf1 Nc3 28. h4 Qg4 29. Qb4 Nxb1 30. Qxb1 Qxe4 31. Qb3 f5 32. f3 1/2-1/2

[Event "Summer Cup"]
[Site "Wellington Chess Club"]
[Date "2019.03.21"]
[Round "6.20"]
[White "Dunlop, Rafe"]
[Black "Paley, Yonah"]
[Result "1-0"]
[WhiteElo "1000"]
[BlackElo "1100"]

1. e4 e5 2. Nf3 Nc6 3. Bb5 a6 4. Ba4 Nf6 5. d3 Be7 6. Nbd2 O-O 7. O-O d5 8. Re1
b5 9. Bb3 dxe4 10. Nxe4 Nd4 11. c3 Nxf3+ 12. Qxf3 Bb7 13. Nxf6+ Bxf6 14. Qxb7
Qxd3 15. Qd5 Qg6 16. c4 Rad8 17. Qb7 bxc4 18. Bxc4 h6 19. Qxc7 e4 20. Qb7 Rde8
21. Be3 Re7 22. Qxa6 Kh7 23. Bc5 Rfe8 24. Bxe7 Rxe7 25. f3 Bd4+ 26. Kh1 Qh5 27.
Qd6 Be5 28. Qxe5 Qxe5 29. Rxe4 Qxb2 30. Ree1 Rxe1+ 31. Rxe1 Kg6 32. h4 Qb6 33.
Re4 h5 34. a4 Qf6 35. a5 Qa1+ 36. Kh2 Qxa5 37. Rd4 {Can't work out the rest}
1-0

[Event "Summer Cup"]
[Site "Wellington Chess Club"]
[Date "2019.03.28"]
[Round "7.1"]
[White "Ker, Anthony"]
[Black "Croad, Nicolas"]
[Result "1/2-1/2"]
[WhiteElo "2475"]
[BlackElo "2445"]

1. e4 e6 2. d4 d5 3. Nd2 Nf6 4. Bd3 c5 5. c3 Nc6 6. Ngf3 cxd4 7. cxd4 Bb4 8. e5
Ne4 9. O-O f5 10. exf6 Nxf6 11. Re1 O-O 12. a3 Bd6 13. Nf1 Qc7 14. Bg5 h6 15.
Bxf6 Rxf6 16. Rc1 Qb6 17. b4 Bd7 18. Bb1 Be8 19. Ng3 Bxg3 20. hxg3 Bh5 21. Rc5
Raf8 22. Re3 a5 23. bxa5 Nxa5 24. Qd3 Bg6 25. Qb5 Qxb5 26. Rxb5 Nc4 27. Rc3
Bxb1 28. Rxb1 b6 29. Ne5 Nxe5 30. dxe5 Rxf2 31. Rxb6 Rf1+ 32. Kh2 R8f5 33. Rc8+
Kh7 34. g4 Rxe5 35. Re8 Rg5 36. Rbxe6 Rxg4 37. Re2 Rd1 38. Rd8 d4 39. Rd5 d3
40. Re3 Rd2 41. Rg3 Rxg3 42. Kxg3 Kg6 43. Kf3 Kf6 44. g3 Ke6 45. Rd8 Rd1 46.
Ke3 Kf5 47. Rxd3 Ra1 48. Kf3 Rf1+ 49. Ke2 Ra1 1/2-1/2

[Event "Summer Cup"]
[Site "Wellington Chess Club"]
[Date "2019.03.28"]
[Round "7.2"]
[White "Cilia Vincenti, David"]
[Black "Dive, Russell"]
[Result "0-1"]
[WhiteElo "2208"]
[BlackElo "2433"]

1. d4 Nf6 2. c4 e6 3. Nc3 Bb4 4. f3 c5 5. d5 Bxc3+ 6. bxc3 d6 7. e4 e5 8. Bd3
Nbd7 9. Ne2 Nf8 10. h4 h5 11. Bg5 N8h7 12. Be3 Qc7 13. Qd2 Bd7 14. a4 O-O-O 15.
a5 Rdf8 16. Qb2 Ng8 17. O-O f5 18. exf5 Ne7 19. Ng3 Nxf5 20. Nxf5 Bxf5 21.
Bxf5+ Rxf5 22. a6 b6 23. g4 hxg4 24. fxg4 Rxf1+ 25. Rxf1 Qd7 26. Qg2 Nf6 27.
Bg5 Nxg4 28. Be7 Re8 29. Rf7 Nh6 30. Rf8 Rxf8 31. Bxf8 Nf5 32. Qg6 Nxh4 33.
Qxd6 Qg4+ 34. Kf1 Qg2+ 0-1

[Event "Summer Cup"]
[Site "Wellington Chess Club"]
[Date "2019.03.28"]
[Round "7.3"]
[White "Wastney, Scott"]
[Black "Nyberg, Michael"]
[Result "1-0"]
[WhiteElo "2396"]
[BlackElo "2099"]

1. e4 e5 2. Nf3 Nc6 3. Bb5 a6 4. Ba4 Nf6 5. O-O b5 6. Bb3 Be7 7. d4 d6 8. dxe5
Nxe5 9. Nxe5 dxe5 10. Qxd8+ Bxd8 11. a4 Bb7 12. axb5 axb5 13. Rxa8 Bxa8 14. f3
Nd7 15. Rd1 c6 16. Bxf7+ Ke7 17. Be3 Bb7 18. Bb3 h6 19. Nc3 Ba5 20. Ne2 Ra8 21.
Ng3 Rd8 22. Nf5+ Kf8 23. Be6 Bc8 24. b4 Bc7 25. Rd3 Ke8 26. Nxg7+ Ke7 27. Bh3
Bb6 28. Nf5+ Ke8 29. Nd6+ Kf8 30. Nxc8 Bxe3+ 31. Rxe3 1-0

[Event "Summer Cup"]
[Site "Wellington Chess Club"]
[Date "2019.03.28"]
[Round "7.4"]
[White "Nijman, Brian"]
[Black "Winter, Ryan"]
[Result "1-0"]
[WhiteElo "2175"]
[BlackElo "2118"]

1. d4 Nf6 2. Bg5 c5 3. Nc3 cxd4 4. Qxd4 Nc6 5. Qh4 Qa5 6. O-O-O h6 7. Bxf6 gxf6
8. e3 d6 9. Nge2 Bd7 10. Nf4 a6 11. Be2 b5 12. Kb1 Rc8 13. Nh5 Ne5 14. Nd5 Ng6
15. Qd4 Be6 16. f4 Bxd5 17. Qxd5 Qc7 18. Rd2 Qa7 19. Qe4 Rc5 20. Rxd6 e6 21.
Nxf6+ Ke7 22. Rd7+ Qxd7 23. Nxd7 Kxd7 24. Qb7+ Rc7 25. Rd1+ Bd6 26. Qxa6 1-0

[Event "Summer Cup"]
[Site "Wellington Chess Club"]
[Date "2019.03.28"]
[Round "7.5"]
[White "Chen, Wei Kai"]
[Black "Sellen, Ian"]
[Result "0-1"]
[WhiteElo "1964"]
[BlackElo "2041"]

1. e4 e6 2. d4 d5 3. Nd2 Nf6 4. e5 Nfd7 5. Ngf3 c5 6. c3 Nc6 7. Bb5 a6 8. Ba4
b5 9. Bc2 Be7 10. O-O cxd4 11. Nxd4 Ncxe5 12. f4 Nc4 13. Nxc4 bxc4 14. Qg4 Nf6
15. Qe2 O-O 16. f5 Qb6 17. fxe6 fxe6 18. Kh1 Bc5 19. Nf3 Ng4 $6 20. Bxh7+ $1
Kh8 (20... Kxh7 21. Ng5+ Kg8 22. Rxf8+ Bxf8 23. Qxg4 Be7 $10) 21. h3 Nf2+ $2
{tempting but wrong}  (21... Kxh7) 22. Rxf2 $1 Bxf2 23. Ng5 Bh4 $2 24. Bg6 $1
Rf2 25. Qh5+ Kg8 26. Qxh4 $4 (26. Bd2 $1)  (26. Qh7+ Kf8 27. Qh8+ Ke7 28. Qxg7+
Kd6 $2 29. Ne4+ $1 dxe4 30. Bf4+ $1 Rxf4 31. Rd1+ Kc5 32. Qe5+ {etc} ) 26...
Rf1+ 27. Kh2 Qg1+ 28. Kg3 Qf2+ 29. Kg4 Qxg2+ $4 (29... e5+ 30. Kh5 Qxg2 31.
Bh7+ Kf8 32. b3 Qe2+ 33. Kg6 Rf6#) 30. Qg3 e5+ {White resigned?? thinking Kh4
Rf4+ was coming, and not realizing that the rook could be taken there. The
position is equal} 0-1

[Event "Summer Cup"]
[Site "Wellington Chess Club"]
[Date "2019.03.28"]
[Round "7.6"]
[White "Benitez, Edgar"]
[Black "Rossiter, Philip"]
[Result "1-0"]
[WhiteElo "2017"]
[BlackElo "1923"]

1. Nf3 Nf6 2. g3 g6 3. Bg2 Bg7 4. O-O c5 5. c4 Nc6 6. d4 cxd4 7. Nxd4 O-O 8.
Nc3 Rb8 9. Nxc6 bxc6 10. Qa4 Qc7 11. Rd1 a6 12. Rb1 Bb7 13. c5 a5 14. Bf4 e5
15. Bg5 h6 16. Bxf6 Bxf6 17. Ne4 Be7 18. Nd6 Ba6 19. Qe4 Bf6 20. a3 Rb3 21. h4
h5 22. Qc2 Rfb8 23. Bh3 Bg7 24. Nxf7 e4 25. Qxe4 Rxb2 26. Rxb2 Rxb2 27. Qxg6
Rxe2 28. Nh6+ Kh8 29. Bf5 1-0

[Event "Summer Cup"]
[Site "Wellington Chess Club"]
[Date "2019.03.28"]
[Round "7.7"]
[White "Stoeveken, Peter"]
[Black "He, Paul"]
[Result "0-1"]
[WhiteElo "1853"]
[BlackElo "1687"]

1. d4 Nf6 2. Bg5 e6 3. Nf3 d5 4. Nbd2 c5 5. e3 h6 6. Bh4 b6 7. c3 Be7 8. Bd3
O-O 9. O-O Ba6 10. Qe2 Bxd3 11. Qxd3 c4 12. Qe2 Nbd7 13. Rfe1 b5 14. b3 Qa5 15.
b4 Qc7 16. e4 Nb6 17. Rac1 Rfe8 18. Bg3 Qb7 19. e5 Nh7 20. Nh4 Na4 21. Rc2 a5
22. a3 axb4 23. axb4 Qb6 24. f4 Nxc3 25. Rxc3 Qxd4+ 26. Qe3 Qxe3+ 27. Rcxe3
Bxb4 28. R3e2 g5 29. Nhf3 g4 30. Nd4 Bc5 31. Bf2 b4 32. Kf1 Nf8 33. Rb1 b3 34.
N4xb3 Bxf2 35. Kxf2 cxb3 36. Rxb3 Ra4 37. Kg3 h5 38. Rf2 Ng6 39. Re3 f5 40.
exf6 Kf7 41. f5 h4# 0-1

[Event "Summer Cup"]
[Site "Wellington Chess Club"]
[Date "2019.03.28"]
[Round "7.8"]
[White "Pomeroy, Arthur"]
[Black "Brockway, Andrew"]
[Result "1/2-1/2"]
[WhiteElo "2082"]
[BlackElo "1842"]

1. e4 c5 2. Nf3 g6 3. c3 Bg7 4. d4 cxd4 5. cxd4 d5 6. e5 Nc6 7. Be2 Bg4 8. h3
Bxf3 9. Bxf3 e6 10. Nc3 Nge7 11. Be3 O-O 12. Qd2 Nf5 13. O-O f6 14. exf6 Bxf6 (
14... Qxf6) 15. Ne2 Qd7 16. Bg4 { (=) Draw Accepted } 1/2-1/2

[Event "Summer Cup"]
[Site "Wellington Chess Club"]
[Date "2019.03.28"]
[Round "7.9"]
[White "Jackson, Ross"]
[Black "Mullan, Brett"]
[Result "1-0"]
[WhiteElo "1955"]
[BlackElo "1923"]

1. d4 e6 2. e4 d5 3. Nd2 Nc6 4. c3 Nge7 5. e5 Ng6 6. Ndf3 Be7 7. Bd3 Bd7 8. Be3
a6 9. g3 b5 10. h4 Bf8 11. h5 Nge7 12. h6 g6 13. Bg5 Qc8 14. Bf6 Rg8 15. Ng5
Nf5 16. Nxh7 Nxh6 17. Nxf8 Rxf8 18. Rxh6 Ne7 19. Rh7 Rg8 20. Qf3 Nf5 21. g4 c6
22. gxf5 exf5 23. Nh3 Be6 24. Ng5 Ra7 25. Ke2 Rc7 26. Rah1 Kd7 27. Nxf7 Bxf7
28. Rxf7+ Ke6 29. Rxc7 Qxc7 30. Rh6 Qf7 31. Qh3 1-0

[Event "Summer Cup"]
[Site "Wellington Chess Club"]
[Date "2019.03.28"]
[Round "7.10"]
[White "Sole, Michael"]
[Black "Stannard, Bobby"]
[Result "1-0"]
[WhiteElo "1897"]
[BlackElo "1357"]

1. c4 e5 2. g3 Nf6 3. Bg2 d5 4. cxd5 Nxd5 5. Nc3 Nf6 6. d3 Bb4 7. Qa4+ Nc6 8.
Bxc6+ Bd7 9. Bxd7+ Qxd7 10. Qxb4 Rb8 11. Qb5 c6 12. Qxe5+ Qe7 13. Qxb8+ 1-0

[Event "Summer Cup"]
[Site "Wellington Chess Club"]
[Date "2019.03.28"]
[Round "7.11"]
[White "He, Caleb"]
[Black "Theodosiou, Andreas"]
[Result "1-0"]
[WhiteElo "1845"]
[BlackElo "1356"]

1. d4 Nf6 2. Bf4 e6 3. e3 b6 4. Nd2 d5 5. Ngf3 Bd6 6. Bg3 Bb7 7. c3 Bxg3 8.
hxg3 Nbd7 9. Ng5 Qe7 10. f4 h6 11. Bd3 O-O-O 12. Ngf3 Ne4 13. Bxe4 dxe4 14. Ne5
Nxe5 15. dxe5 Rd3 16. Qe2 Qc5 17. Kf2 Rhd8 18. Rhd1 g5 19. Nb3 Qe7 20. Nd4 Rxd1
21. Rxd1 gxf4 22. exf4 f6 23. exf6 Qxf6 24. Qg4 Kb8 25. Qh4 Qf7 26. Qxd8+ 1-0

[Event "Summer Cup"]
[Site "Wellington Chess Club"]
[Date "2019.03.28"]
[Round "7.12"]
[White "Quayle, Jamie"]
[Black "Farrington, Lawrence"]
[Result "0-1"]
[WhiteElo "1300"]
[BlackElo "1755"]

1. c4 Nf6 2. g3 d5 3. cxd5 Nxd5 4. Bg2 e5 5. d3 Nb6 6. Nc3 Nc6 7. Nf3 Be7 8.
O-O O-O 9. Ne4 Kh8 10. Bg5 f6 11. Bd2 Bf5 12. Nh4 Be6 13. f4 exf4 14. Bxf4 g5
15. e3 gxf4 16. exf4 f5 17. Nf2 Bxh4 18. gxh4 Qxh4 19. Nh3 h6 20. Qe2 Rae8 21.
Rad1 Bd5 22. Qc2 Bxg2 23. Kxg2 Qg4+ 24. Kh1 Re2 25. Qc3+ Kh7 26. Rf2 Rxf2 27.
Nxf2 Qf3+ 28. Kg1 Rg8+ 29. Kf1 Qg2+ 30. Ke1 Re8+ 31. Ne4 Qg7 32. Kd2 fxe4 33.
Re1 Qxc3+ 34. bxc3 e3+ 35. Rxe3 Rxe3 36. Kxe3 Kg7 37. Ke4 Kf6 38. h4 Ne7 39. c4
Nf5 40. d4 Nxc4 0-1

[Event "Summer Cup"]
[Site "Wellington Chess Club"]
[Date "2019.03.28"]
[Round "7.13"]
[White "Enegbuma, Wallace"]
[Black "Ashe, Michael"]
[Result "1-0"]
[WhiteElo "1000"]
[BlackElo "1592"]

1. Nf3 e6 2. d4 Nf6 3. Bg5 d5 4. e3 c5 5. Bb5+ Bd7 6. Bxd7+ Nbxd7 7. O-O Be7 8.
Nbd2 O-O 9. h3 Bd6 10. c4 Qc7 11. Rc1 Rac8 12. Qe2 cxd4 13. Nxd4 a6 14. cxd5
Qxc1 15. Rxc1 Rxc1+ 16. Nf1 Nxd5 17. e4 Nf4 18. Qd2 Rfc8 19. Bxf4 Bxf4 20. Qb4
R8c4 21. Qe7 Rxd4 22. Qd8+ Nf8 23. Qxd4 f6 24. g3 Be5 25. Qb4 b5 26. Qd2 Rc4
27. Qe2 Nd7 28. Kg2 Nc5 29. f3 Rd4 30. Ne3 Nd3 31. b3 f5 32. exf5 exf5 33. Nxf5
Rd7 34. f4 1-0

[Event "Summer Cup"]
[Site "Wellington Chess Club"]
[Date "2019.03.28"]
[Round "7.14"]
[White "Stracy, Don"]
[Black "Lyall, Gordon"]
[Result "0-1"]
[WhiteElo "1664"]
[BlackElo "1912"]

1. e4 c6 2. Nc3 d5 3. Nf3 dxe4 4. Nxe4 Nf6 5. Nxf6+ gxf6 6. g3 Bg4 7. Bg2 Nd7
8. h3 Bh5 9. g4 Bg6 10. d3 Qc7 11. Qe2 O-O-O 12. Bd2 e6 13. O-O-O Nb6 14. Kb1
Nd5 15. Nh4 Qb6 16. Nxg6 hxg6 17. Bxd5 cxd5 18. f4 Ba3 19. b3 Kb8 20. Qf3 Rc8
21. Bc1 Bb4 22. Bb2 d4 23. Qf2 Rhd8 24. Rhf1 Rc6 25. h4 Qc5 26. Rc1 Ba3 27. Qd2
Rdc8 28. Rf2 Bb4 29. Qd1 Bc3 30. h5 Ra6 31. Re2 Bxb2 0-1

[Event "Summer Cup"]
[Site "Wellington Chess Club"]
[Date "2019.03.28"]
[Round "7.15"]
[White "Darr, Samuel"]
[Black "Dixon, Hamish"]
[Result "0-1"]
[WhiteElo "1549"]
[BlackElo "1701"]

1. e4 c5 2. c3 d6 3. d4 cxd4 4. cxd4 Nf6 5. Nc3 g6 6. Nf3 Bg4 7. h3 Bd7 8. Bc4
Qb6 9. Qb3 Qxb3 10. Bxb3 Bg7 11. Nd5 Nxd5 12. Bxd5 Nc6 13. Be3 O-O 14. O-O e6
15. Bb3 Na5 16. Bc2 Rfc8 17. Rac1 b6 18. b4 Nc4 19. Bb3 Nxe3 20. fxe3 Bb5 21.
Rfd1 Bh6 22. Kf2 Kf8 23. a4 Bc6 24. d5 exd5 25. exd5 Bb7 26. g4 Bg7 27. e4 Rc3
28. Nd2 Rac8 29. Rxc3 Rxc3 30. Rh1 Bh6 31. g5 Bxg5 32. Nf3 Be3+ 33. Ke2 Rxb3
34. h4 Bf4 35. h5 g5 36. b5 Re3+ 37. Kf2 Rxe4 38. Rf1 Bxd5 39. Kg2 Re3 40. h6
Bxf3+ 41. Kg1 g4 42. a5 Re2 43. Rd1 Be3+ 44. Kf1 Rf2+ 45. Ke1 Bxd1 46. a6 g3
0-1

[Event "Summer Cup"]
[Site "Wellington Chess Club"]
[Date "2019.03.28"]
[Round "7.16"]
[White "Wevers, Alexis"]
[Black "Osborne, Geoff"]
[Result "1-0"]
[WhiteElo "1779"]
[BlackElo "1550"]

1. d4 d5 2. Bf4 Nf6 3. Nf3 e6 4. e3 Be7 5. Bd3 O-O 6. h3 b6 7. O-O Ba6 8. Re1
Bxd3 9. Qxd3 Nbd7 10. Nbd2 c5 11. c3 c4 12. Qc2 b5 13. e4 Nh5 14. Bh2 f5 15.
exf5 exf5 16. Ne5 Nhf6 17. Qxf5 Nxe5 18. Rxe5 Rf7 19. Qc2 Qf8 20. b3 Bd6 21.
Re3 Bxh2+ 22. Kxh2 Qd6+ 23. Kg1 Raf8 24. Rae1 Qd7 25. R1e2 Re8 26. bxc4 bxc4
27. Re5 Ree7 28. Nf1 g6 29. f3 Rxe5 30. Rxe5 Nh5 31. Qb2 Kf8 32. Qb8+ Kg7 33.
Re8 Nf6 34. Rd8 Qe7 35. Qd6 Qxd6 36. Rxd6 g5 37. Ne3 Re7 38. Nf5+ 1-0

[Event "Summer Cup"]
[Site "Wellington Chess Club"]
[Date "2019.03.28"]
[Round "7.17"]
[White "Langford, Josh"]
[Black "Hurndell, Robert"]
[Result "0-1"]
[WhiteElo "1291"]
[BlackElo "1518"]

1. e4 c6 2. Nf3 d5 3. Nc3 dxe4 4. Nxe4 Bf5 5. Ng3 Bg6 6. h4 h5 7. Ne5 Qd6 8.
Nxg6 Qxg6 9. Be2 Qe6 10. O-O g6 11. Re1 Qd7 12. d4 Nf6 13. Bg5 Bg7 14. c3 b5
15. Bf3 Na6 16. d5 cxd5 17. Bxf6 Bxf6 18. Bxd5 Rd8 19. Ne4 Bxh4 20. Qd4 O-O 21.
Rad1 e6 22. Bb3 Qxd4 23. Rxd4 Rxd4 24. cxd4 Rd8 25. Nc3 Nc7 26. Re4 Bf6 27. Ne2
a5 28. a4 b4 29. Bc4 Nd5 30. Bxd5 Rxd5 31. Kf1 Kf8 32. b3 Ke7 33. Ke1 Bg7 34.
Kd2 f5 35. Rh4 Bf6 { } 0-1